[Event "Trophee CCAS KO"]
[Site "Cap d'Agde FRA"]
[Date "2010.10.29"]
[Round "1.1"]
[White "Le, Quang Liem"]
[Black "Nguyen, Ngoc Truong Son"]
[Result "0-1"]
[WhiteTitle "GM"]
[BlackTitle "GM"]
[WhiteElo "2694"]
[BlackElo "2633"]
[WhiteFideId "12401137"]
[BlackFideId "12401110"]
[EventDate "2010.10.29"]

1. Nf3 d5 2. d4 c6 3. c4 Nf6 4. Nc3 dxc4 5. a4 Bf5 6. e3 e6 7. Bxc4 Bb4 8. O-O
O-O 9. Nh4 Nbd7 10. h3 Bg6 11. Nxg6 hxg6 12. Qc2 Qe7 13. Rd1 Rfd8 14. a5 c5 15.
Qb3 Nb8 16. d5 Bxc3 17. d6 Rxd6 18. Rxd6 Qxd6 19. Qxb7 Qd1+ 20. Bf1 Qd5 21. Qxd5
exd5 22. bxc3 c4 23. f3 Nc6 24. e4 Ne5 25. Bf4 Nd3 26. Bxd3 cxd3 27. e5 Nd7 28.
Rd1 Nc5 29. Be3 Rc8 30. Kf2 a6 31. Ke1 Kf8 32. Rb1 Ke7 33. Kd2 Nd7 34. Bd4 Rc4
35. Rb4 Rc7 36. Kxd3 g5 37. Ke3 Ke6 38. g3 Kf5 39. Rb1 Ke6 40. g4 Rc4 41. h4 Rc6
42. hxg5 g6 43. Kd3 Rc8 44. Rh1 Rb8 45. Rd1 Rb2 0-1

[Event "Trophee CCAS KO"]
[Site "Cap d'Agde FRA"]
[Date "2010.10.29"]
[Round "1.2"]
[White "Nguyen, Ngoc Truong Son"]
[Black "Le, Quang Liem"]
[Result "0-1"]
[WhiteTitle "GM"]
[BlackTitle "GM"]
[WhiteElo "2633"]
[BlackElo "2694"]
[WhiteFideId "12401110"]
[BlackFideId "12401137"]
[EventDate "2010.10.29"]

1. d4 Nf6 2. Bg5 e6 3. Nc3 h6 4. Bh4 c5 5. e3 Qb6 6. Bxf6 gxf6 7. a3 cxd4 8.
exd4 f5 9. Nf3 Bg7 10. b4 Nc6 11. Na4 Qc7 12. Be2 d6 13. O-O O-O 14. c4 e5 15.
d5 Ne7 16. Rc1 Bd7 17. Nc3 b6 18. Qd2 Ng6 19. Rfe1 Rfc8 20. Bf1 a5 21. Nb5 Qb8
22. Nc3 Rc7 23. Nb5 Rc8 24. Nc3 Be8 25. h4 Qc7 26. g3 e4 27. Nd4 Bxd4 28. Qxd4
axb4 29. axb4 Ne5 30. Kh1 Qd8 31. Qe3 Qf6 32. Qf4 Kg7 33. Be2 Ra3 34. Rg1 Bd7
35. Rgd1 Rb3 36. b5 Rb2 37. Bf1 Nxc4 38. Na4 Rb4 39. Rxc4 Rcxc4 40. Bxc4 Rxa4
41. Bf1 Rb4 42. Qe3 Bxb5 43. Qxb6 f4 44. Bxb5 fxg3 45. Qe3 Qxh4+ 46. Kg2 Qh2+
47. Kf1 g2+ 48. Ke2 Rb2+ 49. Rd2 Qh5+ 0-1

[Event "Trophee CCAS KO"]
[Site "Cap d'Agde FRA"]
[Date "2010.10.29"]
[Round "1.3"]
[White "Nguyen, Ngoc Truong Son"]
[Black "Le, Quang Liem"]
[Result "1/2-1/2"]
[WhiteTitle "GM"]
[BlackTitle "GM"]
[WhiteElo "2633"]
[BlackElo "2694"]
[WhiteFideId "12401110"]
[BlackFideId "12401137"]
[EventDate "2010.10.29"]

1. d4 Nf6 2. Bf4 d5 3. e3 Bf5 4. c4 Nc6 5. Nc3 e6 6. Nf3 Bb4 7. Be2 Ne4 8. Qb3
O-O 9. O-O Bxc3 10. bxc3 Na5 11. Qb4 Nxc4 12. Bxc4 dxc4 13. Qxc4 c5 14. Rfc1 Rc8
15. Qb3 b6 16. h3 h6 17. a4 Qd5 18. c4 Qb7 19. a5 Rfd8 20. axb6 axb6 21. Rd1 Nf6
22. Ne5 cxd4 23. exd4 Nd7 24. Ng4 Bxg4 25. hxg4 Qe4 26. Be3 Qxg4 27. d5 Nf6 28.
Bxb6 Rb8 29. Qe3 Rd7 30. Ba7 Ra8 31. Bd4 Rxa1 32. Rxa1 exd5 33. Bxf6 gxf6 34.
Qe8+ Kg7 35. Ra8 Qd1+ 36. Kh2 Qh5+ 37. Kg3 Qe5+ 38. Qxe5 fxe5 39. cxd5 Rxd5 40.
f3 Rd6 41. Ra7 Kg6 42. Ra5 f6 43. Ra8 Rd7 44. Ra6 Kf5 45. Ra5 h5 46. Ra8 Rg7+
47. Kf2 h4 48. Ra4 Rh7 49. Rb4 h3 50. gxh3 Rxh3 51. Ra4 Rh8 52. Kg3 Rg8+ 53. Kf2
Rd8 54. Ke3 Rb8 55. Kf2 Rb3 56. Kg3 Re3 57. Kf2 Rd3 58. Kg3 Kg5 59. Rg4+ Kf5 60.
Ra4 Rd4 61. Ra5 Kg5 62. Ra8 Rd3 63. Kf2 f5 64. Ra4 Rd4 65. Ra2 Kf4 66. Rb2 Rc4
67. Ra2 Rb4 68. Rc2 Kg5 69. Kg3 Rb3 70. Kf2 Ra3 71. Rb2 Kf4 72. Rb4+ e4 73. fxe4
fxe4 74. Rb2 Rh3 75. Kg2 Rg3+ 76. Kf2 e3+ 77. Kf1 Kf3 78. Rf2+ Ke4 79. Ra2 Rh3
80. Ra8 Rh1+ 81. Ke2 Rh2+ 82. Ke1 Rh8 1/2-1/2

[Event "Trophee CCAS KO"]
[Site "Cap d'Agde FRA"]
[Date "2010.10.29"]
[Round "1.4"]
[White "Le, Quang Liem"]
[Black "Nguyen, Ngoc Truong Son"]
[Result "1/2-1/2"]
[WhiteTitle "GM"]
[BlackTitle "GM"]
[WhiteElo "2694"]
[BlackElo "2633"]
[WhiteFideId "12401137"]
[BlackFideId "12401110"]
[EventDate "2010.10.29"]

1. Nf3 d5 2. d4 c6 3. c4 Nf6 4. Nc3 dxc4 5. a4 Bf5 6. e3 e6 7. Bxc4 Bb4 8. O-O
O-O 9. Nh4 Nbd7 10. h3 Bg6 11. Nxg6 hxg6 12. Qc2 Qe7 13. Rd1 Rfd8 14. a5 c5 15.
a6 bxa6 16. Bxa6 Nb6 17. Nb5 Rd7 18. Bd2 cxd4 19. Nxd4 Bxd2 20. Rxd2 Qb4 21. Rd3
Nbd5 22. Rb3 Qd6 23. Qc6 Qxc6 24. Nxc6 Ne4 25. Bb7 Re8 26. Rxa7 Kh7 27. Ne5 Rde7
28. Bxd5 exd5 29. Rxe7 Rxe7 30. Nd3 Ra7 31. Ra3 Rc7 32. f3 Nd6 33. Ra5 Nc4 34.
Rxd5 Nxe3 35. Rc5 Rd7 36. Rc3 Nd1 37. Rb3 Ne3 38. Kf2 Nc4 39. Rc3 Nxb2 40. Nxb2
Rd2+ 41. Kg3 Rxb2 1/2-1/2

[Event "Trophee CCAS KO"]
[Site "Cap d'Agde FRA"]
[Date "2010.10.29"]
[Round "1.5"]
[White "Nguyen, Ngoc Truong Son"]
[Black "Le, Quang Liem"]
[Result "0-1"]
[WhiteTitle "GM"]
[BlackTitle "GM"]
[WhiteElo "2633"]
[BlackElo "2694"]
[WhiteFideId "12401110"]
[BlackFideId "12401137"]
[EventDate "2010.10.29"]

1. Nf3 Nf6 2. g3 g6 3. Bg2 Bg7 4. O-O O-O 5. c4 c6 6. d4 d5 7. Qb3 Qb6 8. Nc3
Bf5 9. Qxb6 axb6 10. cxd5 Nxd5 11. Nxd5 cxd5 12. Bd2 Nc6 13. e3 Be4 14. Rfc1
Rfc8 15. Bc3 b5 16. a3 e6 17. Nd2 Bxg2 18. Kxg2 Bf8 19. Nf3 Bd6 20. Be1 Kf8 21.
Kf1 Ke7 22. Ke2 f6 23. Bc3 Ra4 24. Rab1 Rd8 25. Rd1 b4 26. axb4 Nxb4 27. Ra1 Na2
28. Bd2 Rda8 29. Kf1 R8a6 30. Ne1 e5 31. Nf3 Rc6 32. dxe5 fxe5 33. Be1 Rc5 34.
Rd2 Nc3 35. Rxa4 Nxa4 36. b3 Nb6 37. Rd1 Rb5 38. Bc3 Ke6 39. Rb1 h6 40. Ke2 Na4
41. Bd2 Nc5 42. b4 Na6 43. Bc3 Rb6 44. b5 Nc7 45. h4 Nxb5 46. Kd2 Na3 47. Ra1
Nb1+ 48. Kc2 Nxc3 49. Kxc3 Rc6+ 50. Kb3 Rb6+ 51. Kc3 Ra6 52. Rb1 b6 53. Nd2 Kd7
54. Kd3 Kc6 55. e4 Bc5 56. exd5+ Kxd5 57. f3 Ra3+ 58. Kc2 Bf2 59. g4 Be3 60. Ne4
Bd4 61. Nd2 Rc3+ 62. Kd1 Ra3 63. Kc2 Bc5 64. Kd1 Kc6 65. Nc4 Rd3+ 66. Kc2 Rd5
67. h5 gxh5 68. gxh5 b5 69. Nd2 b4 70. Ne4 Kb5 71. Nc3+ Kc4 72. Nxd5 Kxd5 73.
Kd3 Be7 74. Rg1 Bf8 75. Rg8 Be7 76. Rg6 b3 77. Rb6 Bg5 78. Rxb3 Bf4 79. Rb6 Kc5
80. Ra6 Kd5 81. Ra5+ Ke6 82. Ke4 Kf6 83. Ra1 Kg5 84. Rg1+ Kxh5 85. Kf5 Kh4 86.
Rg4+ Kh3 87. Ke4 h5 88. Rg8 h4 89. Ra8 Kg2 90. Ra2+ Kg3 91. Ra8 h3 92. Rg8+ Kf2
93. Rh8 h2 94. Rh7 Kg2 95. Rg7+ Bg3 96. Kd5 0-1

[Event "Trophee CCAS KO"]
[Site "Cap d'Agde FRA"]
[Date "2010.10.29"]
[Round "1.6"]
[White "Le, Quang Liem"]
[Black "Nguyen, Ngoc Truong Son"]
[Result "1-0"]
[WhiteTitle "GM"]
[BlackTitle "GM"]
[WhiteElo "2694"]
[BlackElo "2633"]
[WhiteFideId "12401137"]
[BlackFideId "12401110"]
[EventDate "2010.10.29"]

1. Nf3 Nf6 2. c4 g6 3. Nc3 Bg7 4. e4 d6 5. d4 O-O 6. Be2 Nc6 7. O-O a6 8. h3 e6
9. Be3 Bd7 10. Qd2 e5 11. Rad1 exd4 12. Nxd4 Ne5 13. Bh6 Re8 14. Bxg7 Kxg7 15.
f4 Nc6 16. Bf3 Ng8 17. Nd5 Nxd4 18. Qxd4+ f6 19. c5 Bb5 20. Rfe1 Qd7 21. cxd6
Qxd6 22. e5 fxe5 23. fxe5 Qd8 24. e6+ Nf6 25. Qe5 Rc8 26. g4 h6 27. h4 1-0

[Event "Trophee CCAS KO"]
[Site "Cap d'Agde FRA"]
[Date "2010.10.29"]
[Round "1.2"]
[White "Polgar, Judit"]
[Black "Ivanchuk, Vassily"]
[Result "0-1"]
[WhiteTitle "GM"]
[BlackTitle "GM"]
[WhiteElo "2682"]
[BlackElo "2754"]
[WhiteFideId "700070"]
[BlackFideId "14100010"]
[EventDate "2010.10.29"]

1. Nf3 Nf6 2. g3 d5 3. Bg2 c6 4. O-O Bf5 5. d3 e6 6. Nbd2 h6 7. Qe1 Be7 8. h3
Bh7 9. b3 a5 10. Bb2 a4 11. e4 Na6 12. Qe2 O-O 13. a3 axb3 14. cxb3 Nc5 15. Ne1
Nfd7 16. e5 Qb6 17. Qe3 Nxd3 18. Qxb6 Nxb6 19. Nxd3 Bxd3 20. Rfc1 Nd7 21. Re1
Rfc8 22. h4 c5 23. a4 c4 24. bxc4 Bxc4 25. Nxc4 Rxc4 26. Rec1 Rxc1+ 27. Rxc1 Nc5
28. Bf1 Rxa4 29. Bc3 g6 30. Bb5 Ra2 31. Bd4 Kg7 32. Rb1 Ne4 33. Rc1 Bc5 34. Bxc5
Nxc5 35. Rxc5 Ra5 36. Rc6 b6 37. Rd6 Rxb5 38. f4 Rb2 39. Kf1 b5 40. Rb6 b4 0-1